| 000 | 00472nam a2200205Ia 4500 | ||
|---|---|---|---|
| 003 | OSt | ||
| 005 | 20140315092211.0 | ||
| 008 | 140130s9999 xx 000 0 und d | ||
| 020 | _a0590602284 | ||
| 050 |
_aPZ 7 _b.V9718An 1995 |
||
| 100 | _aVos, Ida | ||
| 245 |
_aAnna is still here / _cIda Vos. |
||
| 260 |
_bScholastic, _c1995. _aNew York : |
||
| 300 |
_a139 p. : _c18 cm. |
||
| 440 | _v1 | ||
| 521 | _aG2 | ||
| 526 | _c420 | ||
| 942 |
_cBK _2lcc |
||
| 999 |
_c40285 _d40285 |
||